Fluid Mechanics,Fluid Machines And Hydraulics (Record no. 1492)

MARC details
000 -LEADER
fixed length control field 00341nam a22001457a 4500
020 ## - INTERNATIONAL STANDARD BOOK NUMBER
International Standard Book Number 978-8123906607
041 ## - LANGUAGE CODE
Language code of text/sound track or separate title ENG
100 ## - MAIN ENTRY--PERSONAL NAME
Personal name Gupta .V.P
245 ## - TITLE STATEMENT
Title Fluid Mechanics,Fluid Machines And Hydraulics
250 ## - EDITION STATEMENT
Edition statement 3rd ED
260 ## - PUBLICATION, DISTRIBUTION, ETC. (IMPRINT)
Place of publication, distribution, etc New Delhi
Name of publisher, distributor, etc CBS Publishers
Date of publication, distribution, etc 1992
300 ## - PHYSICAL DESCRIPTION
Extent 1194
650 ## - SUBJECT ADDED ENTRY--TOPICAL TERM
Topical term or geographic name as entry element IDE
856 ## - ELECTRONIC LOCATION AND ACCESS
Uniform Resource Identifier IDE ( 18 )
Holdings
Withdrawn status Lost status Source of classification or shelving scheme Damaged status Not for loan Home library Current library Shelving location Date acquired Cost, normal purchase price Total Checkouts Barcode Date last seen Price effective from Koha item type
    Dewey Decimal Classification     College of Agricultural Engineering and Technology, Dapoli , Library College of Agricultural Engineering and Technology, Dapoli , Library Book Cart 24/09/2021 200.00   002730 24/09/2021 24/09/2021 Books

Contact Us: College of Agricultural Engineering and Technology, Dapoli, Dist.- Ratnagiri
Website: https://dbskkv.org Email: caetlibrary2015@gmail.com